000 00754nam a2200253 i 4500
001 bg
245 0 0 _aBusiness English readings :
_bworkbook /
_cJoanna Jakubiec-Bontko [et al.].
260 _aWarszawa :
_bWydawnictwo C.H. Beck,
_c2007.
300 _aX, 170 s. ;
_c25 cm.
504 _aBibliogr s. IX-X.
650 9 _aJęzyk angielski
650 9 _aNauki ekonomiczne
_xterminologia
655 _aĆwiczenia i zadania
700 1 _aJakubiec-Bontko, Joanna.
020 _a9788374835718
040 _cBPK
041 0 _aeng
044 _aPOL
080 _a811.111(076):33
920 _a978-83-7483-571-8
942 _cKS
008 s pl f |000 0 pol
999 _c55392
_d55392
856 _uhttp://koha.tu.koszalin.pl/cgi-bin/koha/opac-detail.pl?biblionumber=55392
_yKatalog online BPK